000 01265nam a22002297a 4500
003 OSt
005 20210305120939.0
008 210305s1993 ck ||||gr|||| 00| 0 spa d
020 _a9586352056
040 _aCO-JMCR
_cCO-JMCR
082 0 4 _a346.092 /
_bS227t
_223
100 1 _aSanin Echeverri, Eugenio,
_eautor
_914413
245 1 0 _aTítulos valores /
_cEugenio Sanin Echeverri
250 _aQuinta edición
260 _aBogotá :
_bLibrería del profesional,
_c1993
300 _a449 páginas ;
_c24 cm.
505 0 _aGeneralidades -- Comentarios al título III libro 3° del código del comercio sobre títulos valores -- Otros títulos valores negociables en el mercado bursátil -- Jurisprudencia
520 0 _aAl publicar la quinta edición de la presente obra, el autor agradece la acogida generosa dispensada a las anteriores ediciones y hace una presentación sin pretensiones de la nueva legislación en cuanto a títulos valores, situándolo dentro de la doctrina jurídica y facilitando su asimilación a quienes no son expertos en derecho mercantil, ni tienen tiempo para profundizar en este tema es la finalidad de esta obra.
650 1 4 _aInstrumentos negociables
_zColombia
_910028
650 2 4 _aTítulos valores
_95897
942 _2ddc
_cBK
999 _c7455
_d7455